00569cam a22001812 4500001001100000005001700011008004100028020001700069040001500086100003100101245004600132250001200178260003200190300001800222650008300240650006100323852000300384000002012620151217154438.0110712s xx 000 0 eng d a1859416276 : aKABUcKABU1 aDixon, Martin.@000018022110aLand law :bQ & A series /cMartin Dixon. a4th ed. aLondon :bCavendish,c2011. axxiii, 305 p. 0aLand tenurevExamination, questionsxlaw and legislationzEngland.@0000180222 0aLand titlesvExamination, questionszEnglan.@00001802231